Statistiques concernant Personnages suisses de fiction

Cliquez ici pour prendre le quiz!

Statistiques générales

  • Ce quiz a été pris 26 fois
  • Le résultat moyen est 3 sur 10

Statistiques - réponses

Réponse% Correct
Heidi
92%
Marie-Thérèse Porchet
54%
Angela Ziegler
21%
Globi
21%
Guillaume Tell
21%
Gilles Surchat
17%
Victor Frankenstein
17%
Petisuix
13%
Simon Ovronnaz
13%
TicTac
4%

Distribution des résultats

Percentile par nombre de réponses

% des personnes avec chaque résultat

Votre développement - résultats

Vous n’avez pas pris ce quiz